000 00592nam a2200205Ia 4500
001 14956
003 GE_BSU
008 181216s||||||||xx |||||||||||||| ||und||
040 _cGE_BSU
080 _a514
100 _aБолтянский,В.Г. Гохберг,И.Ц.
245 _aРазбиение фигур на меньшие части
245 _cРед.Н.П.Рябенькая
260 _aМосква
260 _bНаука
260 _c1971
300 _a88стр.илл.20см.
653 _aРазбиение фигур на меньшие части
942 _cBK
999 _c48076
_d48076